De la "regeneración del pueblo" a la huelga general. Génesis y evolución histórica del movimiento popular en Chile (1810-1890).
Uloženo v:
| Hlavní autor: | |
|---|---|
| Médium: | Kniha |
| Jazyk: | španělština |
| Vydáno: |
Santiago, Chile
Dirección de Bibliotecas, Archivos y Museos; RiL editores; Centro de Investigaciones Diego Barros Arana,
1997
|
| Edice: | Colección Sociedad y Cultura,
13 |
| Témata: | |
| Tagy: |
Přidat tag
Žádné tagy, Buďte první, kdo vytvoří štítek k tomuto záznamu!
|
MARC
| LEADER | 00000nam a2200000 a 4500 | ||
|---|---|---|---|
| 001 | UCQ0035 | ||
| 003 | CL-VaPUC | ||
| 005 | 20240402114137.0 | ||
| 008 | 980619e19970000CL |||||||||||||||||spa|d | ||
| 999 | |c 271201 |d 271199 | ||
| 040 | |c Pontificia Universidad Católica de Valparaíso | ||
| 082 | 7 | |a 331.880983 GRE 1997 |2 21 | |
| 100 | |a Grez Toso, Sergio Santiago |e autor |9 597802 | ||
| 245 | 1 | 0 | |a De la "regeneración del pueblo" a la huelga general. |b Génesis y evolución histórica del movimiento popular en Chile (1810-1890). |
| 260 | |a Santiago, Chile |b Dirección de Bibliotecas, Archivos y Museos; |b RiL editores; |b Centro de Investigaciones Diego Barros Arana, |c 1997 | ||
| 300 | |a 828 páginas. | ||
| 490 | 0 | |a Colección Sociedad y Cultura, |v 13 | |
| 583 | |a last modification |c 20160829 11:36:02 |k Rodrigo Vera | ||
| 650 | 0 | |a Movimientos sociales |9 315241 |z Chile |x Historia |y Siglo 19 | |
| 650 | 0 | |a Movimiento obrero |z Chile |y Siglo 19 |9 880717 | |
| 852 | |a BIBCUR | ||
| 942 | |c BK |2 ddc | ||
| 945 | |d 19980619 00:00:00 |a aalvarez | ||
| 952 | |0 0 |1 0 |2 ddc |4 0 |6 331_880983000000000_GRE_1997 |7 0 |8 A |9 305769 |a BIBHIS |b BIBHIS |d 2019-11-20 |i 3437752 |l 4 |m 4 |o 331.880983 GRE 1997 |p 3437752 |r 2025-01-20 |s 2023-09-29 |t 1 |w 2019-11-20 |y BK |k HIS | ||
| 952 | |0 0 |1 0 |2 ddc |4 0 |6 331_880983000000000_GRE_1997 |7 0 |8 A |9 305770 |a BIBHIS |b BIBHIS |d 2019-11-20 |i 3587371 |l 2 |o 331.880983 GRE 1997 |p 3587371 |r 2025-01-20 |s 2022-08-30 |t 2 |w 2019-11-20 |y BK |k HIS | ||